A biblical theological evaluation of John Wesley's view of modesty in dressing and adornment / (Record no. 25110)

MARC details
000 -LEADER
fixed length control field 00609nam a22001817a 4500
003 - CONTROL NUMBER IDENTIFIER
control field AUA.1
005 - DATE AND TIME OF LATEST TRANSACTION
control field 20251118171827.0
008 - FIXED-LENGTH DATA ELEMENTS--GENERAL INFORMATION
fixed length control field 250630b || |||||| |||| 00| 0 eng d
040 ## - CATALOGING SOURCE
Transcribing agency JTL
100 ## - MAIN ENTRY--PERSONAL NAME
Personal name Gakono, Stephen Mugo
245 ## - TITLE STATEMENT
Title A biblical theological evaluation of John Wesley's view of modesty in dressing and adornment /
Statement of responsibility, etc Stephen Mugo Gakono
260 ## - PUBLICATION, DISTRIBUTION, ETC. (IMPRINT)
Date of publication, distribution, etc c2022
300 ## - PHYSICAL DESCRIPTION
Extent vii, 105 leaves :
Other physical details Illustrations :
Dimensions 30cm.
600 ## - SUBJECT ADDED ENTRY--PERSONAL NAME
Personal name Wesley, John
650 ## - SUBJECT ADDED ENTRY--TOPICAL TERM
Topical term or geographic name as entry element Clothing and dress
650 ## - SUBJECT ADDED ENTRY--TOPICAL TERM
Topical term or geographic name as entry element Modesty
Form subdivision Religious aspects
General subdivision Christianity
942 ## - ADDED ENTRY ELEMENTS (KOHA)
Source of classification or shelving scheme AUA Inhouse Classification
Koha item type Thesis
Classification part MABTS
Item part .G35 2022
Holdings
Withdrawn status Lost status Source of classification or shelving scheme Damaged status Not for loan Collection code Home library Current library Shelving location Date acquired Source of acquisition Serial Enumeration / chronology Total Checkouts Full call number Barcode Date last seen Cost, replacement price Price effective from Koha item type
    Library of Congress Classification     JTL Research Collection Judith Thomas Library Judith Thomas Library Judith Thomas Library Research Section 30/06/2025 Theological Seminary AUA27921   MABTS .G35 2022 AUA27921 30/06/2025 25.00 30/06/2025 Thesis